000 01267nam0a22003371 4500
001 RU\NLR\A1SV\18708
005 20251203171251.9
035 _a(NLR Aleph) 009703745
090 _a9799524
_c9799524
100 _a19800104d1924 u y0rusy50 ca
101 0 _arus
102 _aRU
200 1 _aСъезды РКП о молодежи
_e(Стенограммы и резолюции)
_fИстомол ЦК РКСМ
_gКомис. по истории юнош. движения в России при ЦК РКСМ
205 _a3-е изд.
_bдоп.
210 _aЛ.
_aМ.
_cМол. гвардия
_d1924 (обл. 1925)
215 _a150 с.
_d24 см
300 _aНапеч. в Москве
451 0 _1001RU\NLR\A1SV\18707
_99799517
_cЛ.
_d1924
_e2-е изд.
_fИстомол ЦК РЛКСМ
_nМол. гвардия
_o(Стенограммы и резолюции)
_p158 с.
_tСъезды РКП о молодежи
620 _dСанкт-Петербург
620 _dМосква
801 0 _aRU
_bNLR
_c19800104
899 _aРНБ
_j15/85
899 _aРГБ
899 _aСамОУНБ
899 _aНБ РС
_z(Я)
899 _aОренбургОУНБ
942 _cBOOK
980 _aNB
980 _aA1SV
980 _aA1SV